Liste du sélectionneur de L'Équipe de France - Statistiques

Statistiques générales
  • Ce quiz a été pris 111 fois
    6 depuis la dernière actualisation
  • Le résultat moyen est 22 sur 26
Statistiques - réponses
Poste Joueur Nombre de sélection % Correct
Milieu Adrien Rabiot 57
100%
Gardien Brice Samba 4
100%
Défenseur Dayot Upamecano 36
100%
Attaquant Kylian Mbappé 96
100%
Défenseur Malo Gusto 9
100%
Attaquant Michael Olise 15
100%
Gardien Mike Maignan 38
100%
Milieu N'golo Kanté 67
100%
Gardien Robin Risser 0
100%
Milieu Aurélien Tchouaméni 44
80%
Attaquant Bradley Barcola 18
80%
Attaquant Désiré Doué 6
80%
Défenseur Jules Koundé 46
80%
Défenseur Lucas Digne 56
80%
Attaquant Maghnes Akliouche 7
80%
Attaquant Marcus Thuram 33
80%
Défenseur Maxence Lacroix 2
80%
Attaquant Ousmane Dembélé 58
80%
Attaquant Rayan Cherki 5
80%
Défenseur Théo Hernandez 42
80%
Milieu Warren Zaïre-Emery 10
80%
Défenseur William Saliba 31
80%
Défenseur Ibrahima Konaté 27
60%
Défenseur Lucas Hernandez 41
60%
Milieu Manu Koné 12
60%
Attaquant Jean-Philippe Mateta 3
40%
Aucun quiz correspondant
Distribution des résultats
% des personnes avec chaque résultat
Percentile par nombre de réponses
Votre historique - résultats
Vous n’avez pas pris ce quiz depuis la dernière actualisation